000 00867nam a2200217 a 4500
005 20140412111244.0
008 001110s19uu xx 00 eng d
020 _a0-916392-11-2
050 _aREF 303.3
_bJ63 1977
100 _aJohnson, Spencer
245 _aThe Value of caring :
_bthe story of Eleonor Roosevelt /
_cSpencer Johnson ; illustrated by Steve Pileggi.
260 _aLa Jolla, CA :
_bValue Comm., Inc Pub,
_c1997.
300 _a63 p. ; col. ; ill.
440 _aA Value Tale Series
520 _aA biography of the First Lady who not only aided her husband after he was stricken with polio but also served as a delegate to the United Nations where she helped start UNICEF.
650 _aRoosevelt, Eleonor, 1884-1962
650 _aPresidents' Wines--United States--Biography
650 _aFirst Ladies
650 _aKindness
999 _c102859
_d102859